| 000 | 00682nam a2200205Ia 4500 | ||
|---|---|---|---|
| 003 | GCL | ||
| 008 | 140319s9999 xx 000 0 ara d | ||
| 040 |
_aGCL / _cGCL |
||
| 082 | 0 | 4 |
_a415.1 _bت م |
| 100 | 1 | _aابن التسترى، سعيد بن ابراهيم | |
| 245 | 1 | 0 |
_aالمذكر والمؤنث / _cابن التسترى، سعيد بن ابراهيم |
| 700 | 1 | _aاحمد عبدالمجيد هريدى | |
| 260 |
_a[S.N] : _bمكتبة الخانجى ، _c1983 |
||
| 300 | _a128 ص | ||
| 490 |
_aسلسلة روائع التراث اللغوى _v0 |
||
| 650 | 0 | 4 | _aالنحو |
| 650 | 0 | 4 | _aالالفاظ |
| 650 | 0 | 4 | _aاللغة العربية |
| 942 |
_2ddc _cBK |
||
| 999 |
_c36873 _d36873 |
||